000 00358nam a22000977a 4500
999 _c3053
_d3053
008 200720b ||||| |||| 00| 0 eng d
100 _aBourdi, A.
245 _aCatalogue des timbres de poste locale Russe : Zemstvos 2nd ed.
260 _aLyon, [France]
_bBourdi, A.
_c1978
650 _aRussia (-1917) | Locals and Private Posts | Catalogs and Price Lists | Zemstvos